01548nam a2200313 a 4500001001000000005001700010008004100027041000800068044000800076084002000084100004500104245010600149260004300255300002200298500023900320500008400559500013000643500005900773500005100832500001000883546002400893650005200917650005600969650003401025650004501059700004001104700004001144740005001184BRCA_324420190320204201.0110309s1818----enka---###---#000-0#eng-# aeng aenk a545b.C34c18181 aCervantes Saavedra, Miguel ded1547-161610aDon Quixote de la ManchacTranslated from the Spanish of Miguel de Cervantes Saavedra by Mary Smirke. aLondresbT. Cadell and W. Daviesc1818 a4 v.bil.c29 cm. aContenido : v.1. Primera parte. Prefacio de la editora. Noticia biográfica sobre Cervantes tomada de Pellicer. Prólogo del autor. Notas. -- v.2. Texto. -- v.3. Segunda parte. Dedicatoria y prólogo del autor. Notas. -- v.4. Texto aEdición : Embellished whith Engravings from Pictures Painted by Robert Smirke aEjemplar igual al anterior [544], pero de mayor tamaño. Piel; planos orlados y lomos adornados con dorados Lúdovik Osterc aEstado físico : Anotaciones manuscritas en la guarda aCon ex-libris de : Eben Wrigth y Henry Perkins aQM440 aTexto en : inglés14aNovela españolayÉpoca clásica, 1500-170014aLiteratura españolayÉpoca clásica, 1500-170014aNovela españolaySiglo XVII14aDon Quijote (Personaje ficticio)eNovela1 aSmirke, Maryd1789-1853eTraductora1 aSmirke, Robertd1781-1876eGrabador0 aEl Ingenioso Hidalgo Don Quijote de la Mancha